书目信息 |
| 题名: |
体育统计
|
|
| 作者: | 丛湖平 主编 | |
| 分册: | ||
| 出版信息: | 北京 高等教育出版社 1993 |
|
| 页数: | 209页 | |
| 开本: | 20cm | |
| 丛书名: | ||
| 单 册: | ||
| 中图分类: | G80-32 | |
| 科图分类: | ||
| 主题词: | 体育理论 | |
| 电子资源: | ||
| ISBN: | 7-04-004397-1 | |
| 000 | 00533nam0 2200193 450 | |
| 001 | 0660648390 | |
| 005 | 20070717140734.39 | |
| 010 | @a7-04-004397-1@dCNY2.90 | |
| 100 | @a20060928d1993 km y0chiy0120 ea | |
| 101 | 0 | @achi |
| 102 | @aCN@b110000 | |
| 200 | 1 | @a体育统计@Ati yu tong ji@f丛湖平主编@Fcong hu ping zhu bian |
| 210 | @a北京@c高等教育出版社@d1993 | |
| 215 | @a209页@c表格@d20cm | |
| 606 | 0 | @a体育理论 |
| 690 | @aG80-32@v3 | |
| 701 | 0 | @a丛湖平@Acong hu ping@4主编 |
| 801 | 0 | @aCN@bPFT@c20070717 |
| 905 | @a10447@dG80-32@e174 | |
| 体育统计/丛湖平主编.-北京:高等教育出版社,1993 |
| 209页:表格;20cm |
| ISBN 7-04-004397-1:CNY2.90 |
| ● |
| 相关链接 |
|
|
|
|
正题名:体育统计
索取号:G80-32/174
 
预约/预借
| 序号 | 登录号 | 条形码 | 馆藏地/架位号 | 状态 | 备注 |
| 1 | 0643636 | 206436365 | 库房3/ [索取号:G80-32/174] | 在馆 | |
| 2 | 0643637 | 206436374 | 库房3/ [索取号:G80-32/174] | 在馆 | |
| 3 | 0643638 | 206436383 | 库房3/ [索取号:G80-32/174] | 在馆 | |
| 4 | 0643639 | 206436392 | 库房3/ [索取号:G80-32/174] | 在馆 | |
| 5 | 0643640 | 206436409 | 库房3/ [索取号:G80-32/174] | 在馆 | |
| 6 | 0643641 | 206436418 | 库房3/ [索取号:G80-32/174] | 在馆 | |
| 7 | 0643642 | 206436427 | 库房3/ [索取号:G80-32/174] | 在馆 | |
| 8 | 0643643 | 206436436 | 库房3/ [索取号:G80-32/174] | 在馆 | |
| 9 | 0643644 | 206436445 | 库房3/ [索取号:G80-32/174] | 在馆 | |
| 10 | 0643645 | 206436454 | 库房3/ [索取号:G80-32/174] | 在馆 | |
| 11 | 0643646 | 206436463 | 库房3/ [索取号:G80-32/174] | 在馆 | |
| 12 | 0643647 | 206436472 | 库房3/ [索取号:G80-32/174] | 在馆 | |
| 13 | 0643648 | 206436481 | 库房3/ [索取号:G80-32/174] | 在馆 | |
| 14 | 0770437 | 207704377 | 密集书库/ [索取号:G80-32/174] | 在馆 |